00744nac a22002171u 4500010001600000020001500016020001500031082001900046090001100065100003400076245006800110250001200178260004500190300004500235440004800280500002000328650001700348942002100365999001100386952012900397 a 98025185 a0078203805 a007820380500a621.381bS3862 c91d91 aSchuler, Charles A. 10aElectronics, principles and applications /cCharles A. Schuler. a5th ed. aNew York :bGlencoe/McGraw-Hill,cc1999. aix, 454 p. :bill. (some col.) ;c29 cm. 0aBasic skills in electricity and electronics aIncludes index. 0aElectronics. cBBk621.381S3862 c91d91 00104070aMAINbMAINc1STd2005-12-20ePurchasel8m4o621.381 SCHp000004689r2025-07-15 00:00:00s2025-03-06v450.00yBB